Dependent development: The alliance of multinational state and local capital in Brazil (Record no. 33332)

MARC details
000 -LEADER
fixed length control field 00331nam a2200109Ia 4500
082 ## - DEWEY DECIMAL CLASSIFICATION NUMBER
Classification number 330.34
Item number EVA
100 ## - MAIN ENTRY--AUTHOR NAME
Personal name EVANS, Peter
245 #0 - TITLE STATEMENT
Title Dependent development: The alliance of multinational state and local capital in Brazil
260 ## - PUBLICATION, DISTRIBUTION, ETC. (IMPRINT)
Place of publication New Jersey
Name of publisher Princeton
Year of publication 1979
942 ## - ADDED ENTRY ELEMENTS (KOHA)
Koha item type Books
Holdings
Withdrawn status Lost status Damaged status Not for loan Home library Current library Date acquired Full call number Accession Number Koha item type
        RRII Library RRII Library 16/12/2021 330.34 EVA 13831 Books